000 00652nam a2200265Ia 4500
005 20260121170847.0
008 008 260114s9999 xx 000 0 eng d
020 _a9783319957654
037 _aEBOOK
040 _aCRL
040 _beng
040 _cCRL
041 _2eng
041 _aeng
084 _qCRL
100 _aFlorian J. Boge
_91069053
245 0 _aQuantum Mechanics Between Ontology and Epistemology
260 _bSpringer
260 _bSpringer
260 _c2018
856 _uhttps://link.springer.com/openurl?genre=book&isbn=978-3-319-95765-4
942 _cEBOOK
999 _c1634783
_d1634783